| 000 | 00966nac a22002537a 4500 | ||
|---|---|---|---|
| 001 | BR5100052 | ||
| 003 | BR-BrBNA | ||
| 005 | 20240105112857.0 | ||
| 008 | 230509b bl.|||m| |||| 00| 0 por d | ||
| 040 |
_aBR-BrBNA _bpor _cBiblioteca Nacional de Agricultura |
||
| 072 | _aE70 | ||
| 090 | _aE70 BR5100052 | ||
| 100 | 1 | _aJunqueira, J.B. | |
| 110 | 1 |
_aSecretaria de Estado dos Negocios da Agricultura de Sao Paulo, Sao Paulo (Brasil). Depto. de Assistencia ao Cooperativismo _98939 |
|
| 245 | 1 | _aRealizacoes cooperativas, 5 [Cooperativa de consumo; Sao Paulo; Brasil] | |
| 260 | 3 |
_aSao Paulo, SP (Brasil): _cSep 1951. |
|
| 300 | _a13 p. | ||
| 490 |
_aPublicacao - Secretaria de Estado dos Negocios da Agricultura de Sao Paulo. Depto. de Assistencia ao Cooperativismo (Brazil) _vno. 190 _x |
||
| 650 | _aComercializacao | ||
| 650 | _aCooperativa de consumo | ||
| 650 | _aSao Paulo | ||
| 909 |
_a202312 _bLúcia Elande _c55 _dLúcia Elande |
||
| 942 |
_2AGRIS _n0 _cMS |
||
| 999 |
_c260729 _d260729 |
||